[Event "Belem op 2nd"]
[Site "Belem"]
[Date "2017.07.09"]
[Round "5"]
[White "Miranda, Max Alessandro Mont"]
[Black "Perdomo, Leandro Daniel"]
[Result "0-1"]
[WhiteElo "1836"]
[BlackElo "2466"]
[PlyCount "50"]
[EventDate "2017.07.07"]
[EventType "swiss"]
[EventRounds "6"]
[EventCountry "BRA"]
[SourceTitle "EXT 2018"]
[Source "ChessBase"]
[SourceDate "2017.10.13"]
[SourceVersion "1"]
[SourceVersionDate "2017.10.13"]
[SourceQuality "1"]

1. e4 Nf6 2. Nf3 g6 3. c4 Bg7 4. Nc3 0-0 5. d4 d6 6. Be2 Nbd7 7. 0-0 e5 8. d5 Nc5 9. Qc2 a5 10. Be3 Nfd7 11. g4 Nb6 12. h3 f5 13. Nh2 Qh4 14. Kg2 fxg4 15. hxg4 Bh6 16. Qd2 Bf4 17. Bxf4 Rxf4 18. f3 h5 19. Qe3 Bd7 20. Rf2 Raf8 21. Raf1 R8f7 22. b3 Rh7 23. Kg1 Qh3 24. Rg2 hxg4 25. Qf2 Qh6 0-1

[Event "Belem Leao Memorial"]
[Site "Belem"]
[Date "2016.06.05"]
[Round "6"]
[White "Miranda, Max Alessandro Mont"]
[Black "Leao, Marcos Jose"]
[Result "1/2-1/2"]
[WhiteElo "1829"]
[BlackElo "1917"]
[PlyCount "70"]
[EventDate "2016.06.03"]
[EventType "swiss"]
[EventRounds "6"]
[EventCountry "BRA"]
[SourceTitle "CBM 172 Extra"]
[Source "ChessBase"]
[SourceDate "2016.06.21"]
[SourceVersion "1"]
[SourceVersionDate "2016.06.21"]
[SourceQuality "1"]

1. e4 c5 2. Nf3 d6 3. Bc4 g6 4. d4 cxd4 5. Qxd4 Nf6 6. Ng5 e6 7. 0-0 Nc6 8. Qe3 Bg7 9. c3 0-0 10. Qe2 Qc7 11. Na3 a6 12. Nc2 b5 13. Bd3 Ne5 14. a4 Nxd3 15. Qxd3 Bb7 16. f3 bxa4 17. Rxa4 Qb6+ 18. Be3 Qb5 19. Qxb5 axb5 20. Rb4 d5 21. e5 Nd7 22. f4 Rfc8 23. Rd1 Bf8 24. Rbd4 Ra2 25. Rb1 Nc5 26. Nb4 Ra4 27. Nc2 Raa8 28. Rdd1 h6 29. Nf3 Na4 30. Rd2 Ra6 31. Nfd4 Bc6 32. Kf2 Nb6 33. Nxc6 Rxc6 34. Nd4 Nc4 35. Nxc6 Rxc6 1/2-1/2